Statistics for Spanish Vocabulary Words That Start with D

Click here to take the quiz!

General Stats

  • This quiz has been taken 4,542 times
  • The average score is 35 of 56

Answer Stats

Hint Answer % Correct
daydía
94%
to givedar
91%
Sundaydomingo
88%
moneydinero
88%
to saydecir
87%
difficultdifícil
86%
wheredónde
86%
to sleepdormir
84%
sweetdulce
81%
breakfastdesayuno
81%
Decemberdiciembre
78%
afterdespués
78%
sportdeporte
78%
dentistdentista
77%
GodDios.
77%
fingerdedo
77%
toothdiente
74%
doubledoble
73%
thindelgado
73%
showerducha
71%
duringdurante
70%
sincedesde
68%
to owedeber
66%
insidedentro
66%
to drawdibujar
64%
distancedistancia
64%
weakdébil
64%
differencediferencia
64%
diabeticdiabético
60%
depositdepósito
60%
rightsderechos
59%
to wishdesear
59%
toughduro
59%
dictionarydiccionario
59%
to enjoydisfrutar
58%
slowdespacio
57%
to wake updespertar
57%
paindolor
57%
to discoverdescubrir
56%
to restdescansar
54%
fundivertido
52%
addressdirección
50%
detailsdetalles
49%
to discussdiscutir
48%
to arrestdetener
45%
desertdesierto
45%
nakeddesnudo
45%
diamonddiamante
42%
homeworkdeberes
39%
availabledisponible
39%
disappeardesaparecer
35%
discountdescuento
35%
alarm clockdespertador
30%
speechdiscurso
27%
to developdesarrollar
26%
nonstopdirecto
22%

Score Distribution

Percentile by Number Answered

Percent of People with Each Score

Your Score History

You have not taken this quiz